| 000 | 00409nam a2200145 a 4500 | ||
|---|---|---|---|
| 005 | 20140414131935.0 | ||
| 008 | 110112s19uu xx 00 eng d | ||
| 050 |
_aREF 567.9 _bD54 2004 |
||
| 245 |
_aDid dinosaurs baby-sit? : _bDinosaurs and prehistoric animals. |
||
| 260 |
_aNashville, Tennessee : _bMiles Kelly, _c2004. |
||
| 440 | _aAsk me why | ||
| 650 |
_aDinosaurs _x |
||
| 650 | _a | ||
| 999 |
_c112404 _d112404 |
||